| 000 | 00449nam a2200169Ia 4500 | ||
|---|---|---|---|
| 005 | 20250423095927.0 | ||
| 008 | 250422s9999 xx 000 0 und d | ||
| 020 | _a9780135128183 | ||
| 100 | _aCarter, Carol | ||
| 245 | 0 | _aKeys to effective teaching : instructor’s manual and test item file to accompany keys to success | |
| 250 | _a6th ed. | ||
| 260 | _aNew Jersey | ||
| 260 | _bPearson | ||
| 260 | _c2009 | ||
| 300 | _a383 p | ||
| 942 | _cBK | ||
| 999 |
_c31757 _d31757 |
||